000 00553cam a22001097a 4500
008 180718b1966 xxu||||| |||| 00| 0 eng d
082 _aW67x54 In2/1966
245 _aAccidents to aircrafts registered in India
_cby Air Safety Directorate, Civil Aviation Department, Ministry of Tourism and Civil Aviation, India
260 _aDelhi
_bSir Safety Directorate, Civil Aviation Department, Ministry of Tourism and Civil Aviation
_c1966
300 _a8p.
700 _aIndia. Ministry of Tourism and Civil Aviation. Civil Aviation Department. Air Safety Directorate
999 _c498639
_d498639